Regional aspect of unemployment in Slovakia
Vývoj prístupov k nezamestnanosti vo svete. Inkluzívny trh ako riešenie dlhodobej nezamestnanosti. Vývoj nezamestnanosti na Slovensku. Dlhodobá nezamestnanosť na Slovensku podľa miest. Podpora štátu regiónom s vyššou nezamestnanosťou.
Salvato in:
| Autore principale: | |
|---|---|
| Altri autori: | |
| Natura: | Capitolo di libro |
| Lingua: | inglese |
| Soggetti: | |
| Tags: |
Nessun Tag, puoi essere il primo ad aggiungerne!!
|
MARC
| LEADER | 00000naa$a2200000$$$4500 | ||
|---|---|---|---|
| 001 | 0215678 | ||
| 005 | 20240502083540.9 | ||
| 041 | 0 | |a eng | |
| 044 | |a DE | ||
| 245 | 1 | 0 | |a Regional aspect of unemployment in Slovakia |c Anna Harumová, Ján Londák |
| 520 | |a Vývoj prístupov k nezamestnanosti vo svete. Inkluzívny trh ako riešenie dlhodobej nezamestnanosti. Vývoj nezamestnanosti na Slovensku. Dlhodobá nezamestnanosť na Slovensku podľa miest. Podpora štátu regiónom s vyššou nezamestnanosťou. | ||
| 610 | 2 | 0 | |a nezamestnanosť |
| 610 | 2 | 0 | |a nezamestnanosť dlhodobá |
| 610 | 2 | 0 | |a regióny |
| 610 | 2 | 0 | |a Slovensko |
| 610 | 2 | 0 | |a politika zamestnanosti |
| 610 | 2 | 0 | |a podpora štátna |
| 100 | 1 | |a Harumová, Anna, 1955- | |
| 700 | 1 | |a Londák, Ján | |